[Event "World Cup of Rapid Chess Gp B"]
[Site "Cannes FRA"]
[Date "2001.03.21"]
[Round "4"]
[White "Ye Jiangchuan"]
[Black "Hamdouchi,H"]
[Result "0-1"]
[WhiteElo "2671"]
[BlackElo "2535"]

1.e4 d6 2.d4 Nf6 3.Nc3 e5 4.Nf3 Nbd7 5.Bc4 Be7 6.O-O O-O 7.a4 c6 8.Re1 a5
9.h3 exd4 10.Nxd4 Nc5 11.Ba2 Qb6 12.Nb3 Nxb3 13.Bxb3 Be6 14.Be3 Qc7 15.Bxe6 fxe6
16.Qe2 d5 17.Bd2 Bc5 18.Kh1 Qf7 19.Rf1 Nh5 20.Qg4 Nf6 21.Qe2 Qg6 22.exd5 exd5
23.Qd3 Qxd3 24.cxd3 Nh5 25.g4 Nf4 26.Bxf4 Rxf4 27.Kg2 Raf8 28.f3 Rb4 29.Rab1 Bd4
30.Rfc1 Re8 31.b3 Re3 32.Rc2 Rxd3 33.Ne2 Bf6 34.Rc5 Rbxb3 35.Rxb3 Rxb3 36.Nf4 Rb2+
37.Kf1 Rb4 38.Nh5 Rxa4 39.Rc2 Kf7 40.Ke2 Be5 41.f4 Bxf4 42.Rb2 b5 43.Rc2 Be5
44.Rxc6 g6 45.Rc5 gxh5 46.Rxd5 Ke6 47.Rxb5 hxg4 48.hxg4 Ra1 49.Rb7 a4 50.Rxh7 a3
51.Ra7 a2 52.Ra6+ Kf7 53.Ra7+ Kg6 54.Ra6+ Bf6 55.g5 Kxg5  0-1

[Event "Tch-NED"]
[Site "NED"]
[Date "2001.03.24"]
[Round "7"]
[White "Van der Wiel,J"]
[Black "Jonker,M"]
[Result "1/2-1/2"]
[WhiteElo "2493"]
[BlackElo "2313"]

1.e4 d6 2.d4 Nf6 3.Nc3 c6 4.f4 Qa5 5.e5 Ne4 6.Qf3 d5 7.Bd3 Na6 8.Ne2 Nb4
9.O-O Nxd3 10.cxd3 Nxc3 11.bxc3 g6 12.a4 h5 13.Ba3 Bg4 14.Qe3 Bxe2 15.Bb4 Qc7
16.Qxe2 e6 17.Qf2 Bxb4 18.cxb4 a5 19.Rab1 O-O 20.b5 cxb5 21.Rfc1 Qd7 22.Rxb5  1/2-1/2

[Event "Tch-NED"]
[Site "NED"]
[Date "2001.03.25"]
[Round "8"]
[White "Bezemer,A"]
[Black "Rebers,E"]
[Result "1-0"]
[WhiteElo "2276"]
[BlackElo "2312"]

1.e4 d6 2.d4 Nf6 3.Nc3 e5 4.Nf3 Nbd7 5.Bc4 Be7 6.O-O O-O 7.Qe2 exd4 8.Nxd4 Ne5
9.Bb3 c5 10.Nf5 Bxf5 11.exf5 Qd7 12.f4 Nc6 13.g4 d5 14.g5 c4 15.gxf6 Bxf6
16.Ba4 Qxf5 17.Qg2 Ne7 18.Nd1 b5 19.Bxb5 Rfb8 20.Ne3 Bd4 21.a4 a6 22.Kh1 Bxe3
23.Bxe3 axb5 24.axb5 Rxa1 25.Rxa1 Qe6 26.Bd4 f6 27.b6 Qf5 28.Bf2 Qe4 29.Ra5 g6
30.Rxd5 Qxc2 31.Rd7 Qc1+ 32.Bg1 Qxf4  1-0

[Event "Tch-NED"]
[Site "NED"]
[Date "2001.03.25"]
[Round "8"]
[White "Vrenegoor,T"]
[Black "Jonker,M"]
[Result "1/2-1/2"]
[WhiteElo "2350"]
[BlackElo "2313"]

1.e4 d6 2.d4 Nf6 3.Nc3 c6 4.f4 Qa5 5.Bd3 e5 6.Nf3 Bg4 7.Be3 Qb6 8.Qd2 exf4
9.Bxf4 Bxf3 10.gxf3 Qxd4 11.O-O-O Nbd7 12.Be3 Qb4 13.Rhg1 Qa5 14.Qf2 Qc7
15.Bc4 g6 16.Bb3 Be7 17.f4 Nh5 18.Bd4 Rf8 19.Rge1 O-O-O 20.Bc4 Nb6 21.Bf1 f5
22.exf5 d5 23.Be5 Bd6 24.Bh3 Bxe5 25.Rxe5 Kb8 26.Rde1 Nc4 27.Re7 Qxf4+ 28.Qxf4+ Nxf4
29.Bf1 gxf5 30.Bxc4 dxc4 31.Rxh7 Rfe8 32.Rxe8 Rxe8 33.Rf7 Nd5 34.Nxd5 cxd5
35.Rxf5 Rh8 36.Rxd5 Rxh2 37.Rc5 Rh4 38.Kd2 b6 39.Re5 Kb7 40.Kc3 Kc6 41.a4 a6
42.Rg5 Rh2 43.Rg6+ Kc5 44.Rg5+ Kc6 45.a5 b5 46.Rg6+ Kc5 47.b4+ cxb3 48.Kxb3 Rh3+
49.Kb2 Kb4 50.Rxa6 Ra3 51.Ra8 Rxa5 52.Rh8 Ra6 53.Rh1 Ka5 54.Kb3 Rg6 55.Rh5  1/2-1/2

[Event "54th ch-YUG Women"]
[Site "Herceg Novi YUG"]
[Date "2001.03.26"]
[Round "4"]
[White "Stankovic,Ma"]
[Black "Kostic,M"]
[Result "1-0"]
[WhiteElo "2225"]
[BlackElo "2178"]

1.e4 d6 2.d4 Nf6 3.Nc3 e5 4.Bc4 Nbd7 5.Nf3 Be7 6.O-O O-O 7.Re1 c6 8.a4 a5
9.b3 Qc7 10.h3 h6 11.Ba3 Nb6 12.Bf1 Re8 13.Qd2 Be6 14.Rad1 Rad8 15.Nb1 Nc8
16.c4 c5 17.d5 Bd7 18.Nh4 Nxd5 19.cxd5 Bxh4 20.Qc2 Rf8 21.Bd3 Ne7 22.g3 Bf6
23.Kh2 Qc8 24.h4 Bg4 25.Be2 Ng6 26.Bc1 Be7 27.f3 Bd7 28.h5 Nh8 29.g4 Bh4
30.Rf1 Kh7 31.Kg2 g6 32.Rh1 g5 33.Qd2 c4 34.Rxh4 c3 35.Nxc3 gxh4 36.Qxh6+ Kg8
37.Bg5 f6 38.Bxf6 Rxf6 39.Qxf6 Rf8 40.Qg5+ Kh7 41.Rc1 Qc5 42.Qxh4 Qe3 43.Rc2 Qb6
44.Bb5 Bc8 45.Nd1 Qd4 46.Rc7+ Rf7 47.Rxf7+ Nxf7 48.Nf2 Qe3 49.Qf6 Kg8 50.Be8 Nh6
51.g5  1-0

[Event "TCh-CHN Men"]
[Site "Suzhou, Jiangsu CHN"]
[Date "2001.03.29"]
[Round "4"]
[White "Wu Kaiyu"]
[Black "Li Qun"]
[Result "1/2-1/2"]
[WhiteElo "2287"]
[BlackElo "2343"]

1.e4 d6 2.d4 Nf6 3.Nc3 c6 4.Bf4 g6 5.Nf3 Bg7 6.e5 Nd5 7.Nxd5 cxd5 8.Bd3 O-O
9.O-O Nc6 10.c3 f5 11.Qb3 e6 12.Be3 Na5  1/2-1/2

[Event "54th ch-YUG Women"]
[Site "Herceg Novi YUG"]
[Date "2001.03.31"]
[Round "8"]
[White "Kalevic,S"]
[Black "Kostic,M"]
[Result "1/2-1/2"]
[WhiteElo "2274"]
[BlackElo "2178"]

1.e4 d6 2.d4 Nf6 3.Nc3 e5 4.Bc4 Nbd7 5.Nf3 Be7 6.O-O O-O 7.h3 h6 8.Qe2 c6
9.a4 a5 10.Rd1 Qc7 11.Ba2 Nb6 12.Be3 Ra6 13.Nd2 Be6 14.Nc4 Nxc4 15.Bxc4 Bxc4
16.Qxc4 Nxe4 17.Nxe4 d5 18.Qd3 dxe4 19.Qxe4 f5 20.Qxe5 Bd6 21.Qe6+ Kh7 22.Rd3 c5
23.Qc4 f4 24.Bd2 f3 25.Rxf3 Rxf3 26.gxf3 Bf4 27.Rd1 Rg6+ 28.Kf1 cxd4 29.Qxc7 Bxc7
30.c3 Be5 31.f4 dxc3 32.fxe5 cxd2 33.Rxd2 Re6 34.Rd5 Rb6 35.Rxa5 Rxb2 36.Kg2 Rb4
37.Kg3 g5 38.Rc5 Rxa4 39.Rc7+ Kg6 40.Rxb7 Re4 41.Rb6+ Kf5 42.Rxh6 Kxe5 43.Rh5 Kf5
44.Rh8 Ra4 45.Rf8+ Kg6 46.Rb8 Rf4 47.Rh8 Ra4 48.Re8 Kf5 49.f3 Ra3 50.Re4 Ra1
51.h4 gxh4+ 52.Rxh4 Rg1+ 53.Kf2 Ra1 54.Rb4 Rc1 55.Rb8 Rc2+ 56.Kg3 Rc3 57.Rb5+ Kf6
58.Kg4 Rc4+ 59.f4 Rc6 60.Rf5+ Kg6 61.Rg5+ Kf7 62.Ra5 Kf6 63.Rh5 Rc1 64.Rh6+ Kg7
65.Rb6 Kf7 66.Kg5 Rg1+ 67.Kf5 Ra1 68.Rb7+ Kf8 69.Rb6 Kf7 70.Rf6+ Kg7 71.Rb6 Kf7
72.Rb7+ Kf8 73.Kg5 Rc1 74.f5 Rc6 75.Rh7 Kg8 76.Ra7 Kf8 77.f6 Rc1 78.Ra5 Rg1+
79.Kf5 Rf1+ 80.Kg6 Rg1+ 81.Rg5 Rxg5+ 82.Kxg5 Kf7 83.Kf5 Kf8 84.Kg6 Kg8 85.f7+ Kf8  1/2-1/2

[Event "54th ch-YUG Women"]
[Site "Herceg Novi YUG"]
[Date "2001.03.31"]
[Round "8"]
[White "Stankovic,Ma"]
[Black "Chelushkina,I"]
[Result "1/2-1/2"]
[WhiteElo "2225"]
[BlackElo "2385"]

1.e4 d6 2.d4 Nf6 3.Nc3 c6 4.f4 Qa5 5.Bd3 e5 6.Nf3 Bg4 7.Be3 Nbd7 8.Qd2 Be7
9.O-O Bxf3 10.gxf3 exd4 11.Bxd4 d5 12.e5 Bc5 13.Bf5 Nh5 14.Bg4 g6 15.Kh1 Bxd4
16.Qxd4 Qb6 17.Qxb6 axb6 18.Bxh5 gxh5 19.Rg1 Ke7 20.Rg5 h4 21.Rh5 Ke6 22.a3 Nf8
23.Rg1 Rd8 24.Rg7 h6 25.Rg4 h3 26.Rxh3 Ng6 27.Ne2 d4 28.f5+ Kxf5 29.Rh5+ Ke6
30.Nxd4+ Ke7 31.Nf5+ Kf8 32.Nxh6 Rd1+ 33.Kg2 Nxe5 34.Rxe5 Rd2+ 35.Kg3 Rxh6
36.h4 Rxc2 37.Rb4 b5 38.b3 Rg6+ 39.Rg5 Rh6 40.a4 bxa4 41.bxa4 Rf6 42.f4 Rc1
43.a5 Rg1+ 44.Kf3 Rf1+ 45.Kg4 Rg1+ 46.Kh5 Rh1 47.Re5 Kg7 48.Rg5+ Kf8 49.Re5 Kg7
50.Kg4 Rg6+ 51.Rg5 Ra1 52.Rxb7 Rxa5 53.f5 Rxg5+ 54.hxg5 Kg8 55.Kf4 Kf8 56.Rb8+ Ke7
57.f6+ Kd7 58.Rf8 Ra4+ 59.Kf5 Ra5+ 60.Kg4 Ra4+ 61.Kh5 Ke6 62.Kh6 Rg4 63.Rc8 Kd7
64.Rf8 Ke6 65.Re8+ Kf5 66.Kg7 Rxg5+ 67.Kxf7 Rg1 68.Re2 Ra1 69.Rf2+ Ke4 70.Kg6 Rg1+
71.Kh7 Rh1+ 72.Kg7 Rg1+ 73.Kf8 Ra1 74.f7 c5 75.Kg7 Ra7 76.Rd2 c4  1/2-1/2

[Event "TCh-FRA"]
[Site "Mulhouse FRA"]
[Date "2001.04.01"]
[Round "7"]
[White "Nezar,M"]
[Black "Jossien,A"]
[Result "0-1"]
[WhiteElo "2292"]
[BlackElo "2319"]

1.e4 d6 2.d4 Nf6 3.Nc3 c6 4.f4 Qa5 5.e5 Ne4 6.Qf3 d5 7.Bd3 Na6 8.Ne2 Nb4
9.Bxe4 dxe4 10.Qxe4 f5 11.Qf3 Nxc2+ 12.Kf2 Nxa1 13.Qd3 Qa6 14.Qb1 Be6 15.Qxa1 Bc4
16.Be3 e6 17.Nc1 Be7 18.Rd1 O-O-O 19.b3 Bd5 20.Nd3 b6 21.Qb2 Kb7 22.a4 h6
23.Na2 Kb8 24.Nab4 Qb7 25.Ra1 g5 26.Qc3 Bxg2 27.a5 c5 28.Na6+ Qxa6 29.Kxg2 cxd4
30.Bxd4 Rxd4 31.Qxd4 Rd8 32.Qa4 Qxd3 33.axb6 Qe2+  0-1

[Event "TCh-CHN Men"]
[Site "Suzhou, Jiangsu CHN"]
[Date "2001.04.05"]
[Round "10"]
[White "Yu Shaoteng"]
[Black "Zhang Zhong"]
[Result "1/2-1/2"]
[WhiteElo "2493"]
[BlackElo "2607"]

1.e4 d6 2.d4 Nf6 3.Nc3 c6 4.a4 Qa5 5.Bd2 Qc7 6.Bg5 h6 7.Bh4 Nbd7 8.Be2 e5
9.Nf3 Be7 10.O-O Nf8 11.dxe5 dxe5 12.Bg3 Ng6 13.Bc4 Nh7 14.Nd4 O-O 15.Qh5 Nf4
16.Bxf4 exf4 17.e5 Ng5 18.Rfe1 Rd8 19.Nf3 Be6 20.Bd3 Qd7 21.Nxg5 Bxg5 22.Qe2 Qd4
23.Rad1 Qc5 24.Qh5 Rd4 25.Ne4 Qxe5 26.Nxg5 Qxg5 27.Qxg5 hxg5 28.Bh7+ Kxh7
29.Rxd4 Kg6 30.a5 c5 31.Rd6 Rc8 32.Red1 Kf6 33.Rd8 Rc7 34.Ra8 a6 35.Rad8 c4
36.R8d6 Ke5 37.Rb6 Bd5 38.Re1+ Kf5 39.Rd6 Rc5 40.Ra1 Ke5 41.Rd8 Kf6 42.Rd6+ Ke5
43.Rb6 g4 44.b4 cxb3 45.cxb3 Rc2 46.Re1+ Kf5 47.Rb4 Rd2 48.Rb6 Bc6 49.b4 Rc2
50.Rb1 g5 51.Rf1 Ke5 52.Re1+ Kd6 53.Rd1+ Kc7 54.Re1 f5 55.Rb1 g3 56.hxg3 fxg3
57.fxg3 Rxg2+ 58.Kf1 Rxg3 59.Kf2 Rg2+ 60.Ke3 f4+ 61.Kd4 g4 62.Rf1 f3 63.Ke3 Rc2
64.Kf4 Bb5 65.Rh1 Bc6 66.Rh7+ Kd6 67.Kxg4 f2 68.Rf7 Ke6 69.Rf8 Ke7 70.Rf5 Bg2
71.b5 axb5 72.Rbxb5 Ra2 73.Kg3 f1=Q 74.Rxf1 Bxf1 75.Rxb7+ Kd6 76.Ra7 Ra4
77.Kf2 Bb5 78.Ke3 Kd5 79.Ra8 Ke5 80.Kd2 Kd5 81.Rd8+ Kc5 82.Ra8 Ra3 83.Kc2 Kc4
84.Kb2 Kb4 85.a6 Bxa6 86.Rb8+ Ka4 87.Rb6 Bc4 88.Rc6 Rb3+ 89.Kc2 Kb5 90.Rc8 Rh3
91.Kd2 Bd5 92.Rc3 Rh4 93.Ke3 Bc4 94.Rc1 Kc5 95.Rd1 Bd5 96.Rg1 Re4+ 97.Kd3 Rf4
98.Rc1+ Kd6 99.Re1 Bc4+ 100.Ke3 Ke5 101.Rh1 Be6 102.Rh5+ Bf5 103.Rh8 Ra4
104.Re8+ Be6 105.Rd8 Bf7 106.Rd7 Ra3+ 107.Rd3 Ra7 108.Rd8 Bg6 109.Rg8 Ra3+
110.Kd2 Be4 111.Rb8 Rh3 112.Rb5+ Kf4 113.Rb4 Rg3 114.Rc4 Rb3 115.Rd4 Rb8
116.Ra4 Rc8 117.Ra2 Rd8+ 118.Kc3 Ke3 119.Ra4 Rd1 120.Ra3 Rc1+ 121.Kb2+ Kd2
122.Rb3 Rc7 123.Rb4 Bd5 124.Rd4+  1/2-1/2

[Event "Zone 3.1a"]
[Site "Tehran IRI"]
[Date "2001.04.06"]
[Round "2"]
[White "Moradiabadi,E"]
[Black "Ali,A IRQ"]
[Result "1-0"]
[WhiteElo "2303"]
[BlackElo "2360"]

1.e4 d6 2.Nc3 Nf6 3.d4 c6 4.Nf3 Bg4 5.Be2 e6 6.O-O Be7 7.h3 Bh5 8.Be3 d5
9.e5 Ne4 10.Nxe4 dxe4 11.Nd2 Bg6 12.Bh5 c5 13.Bxg6 hxg6 14.Nxe4 cxd4 15.Bxd4 Nc6
16.Bc3 Rh5 17.Qe2 Qb6 18.Rad1 a6 19.a4 Rd8 20.Rxd8+ Qxd8 21.Rd1 Qb8 22.Nd6+ Bxd6
23.Rxd6  1-0

[Event "FSGM April"]
[Site "Budapest HUN"]
[Date "2001.04.07"]
[Round "13"]
[White "Barczay,L"]
[Black "Varga,Zo"]
[Result "1/2-1/2"]
[WhiteElo "2391"]
[BlackElo "2503"]

1.e4 d6 2.d4 Nf6 3.Nc3 e5 4.dxe5 dxe5 5.Qxd8+ Kxd8 6.Bc4 Be6 7.Bxe6 fxe6
8.Be3 Bb4 9.O-O-O+ Kc8 10.f3 Bxc3 11.bxc3 Nbd7 12.Nh3 a5 13.Rd3 Ra6 14.Rhd1 Rc6
15.Nf2 Rf8 16.Kb2 Rf7 17.a4 Ne8 18.Rb1 Nd6 19.Kc1 Rc4 20.Ra1 Rc6 21.h4 Nc4
22.h5 Nf6 23.h6 Nxe3 24.Rxe3 gxh6 25.Nd3 Rg7 26.Nxe5 Rc5 27.Nd3 Rxc3 28.Kb2 Rc4
29.Re2 h5 30.Kb3 Rd4 31.Kc3 Rd6 32.Kd2 Nd7 33.Ke3 e5 34.Rb1 Rg5 35.Rb5 b6
36.c4 c6 37.Rb1 Kc7 38.c5 Nxc5 39.Nxc5 bxc5 40.Rc1 Rd4 41.Rxc5 Rxa4 42.Rec2 Kb7
43.Rxc6 Rxg2 44.Rc7+  1/2-1/2

[Event "Czech Extra League 2000-1"]
[Site "CZE"]
[Date "2001.04.07"]
[Round "10"]
[White "Belaska,P"]
[Black "Kanok,J"]
[Result "1-0"]
[WhiteElo "2276"]
[BlackElo "2246"]

1.e4 d6 2.d4 Nf6 3.Nc3 c6 4.Bg5 b5 5.e5 dxe5 6.dxe5 Qxd1+ 7.Rxd1 b4 8.exf6 bxc3
9.fxe7 Bxe7 10.Bxe7 Kxe7 11.b3 Rd8 12.Rxd8 Kxd8 13.Bd3 Na6 14.Ne2 Nb4 15.Nxc3 Nxd3+
16.cxd3 Kc7 17.Kd2 Rb8 18.Re1 Be6 19.Re4 Rd8 20.f3 Rd7 21.Ra4 Kb6 22.Rb4+ Kc7
23.Rh4 h6 24.b4 Rd8 25.Re4 Rd7 26.a3 Bf5 27.Re3 Bg6 28.Na4 Kd8 29.Kc3 Rd6
30.Nc5 Rd5 31.d4 Rg5 32.g4 Rd5 33.Re5 Rxe5 34.dxe5 Ke7 35.f4 Bb1 36.Kd4 Bc2
37.Ne4 Bd1 38.g5 Ke6 39.gxh6 gxh6 40.Nd6 Bg4 41.Nb7 Bh5 42.Nd6 Bg4 43.Ke4 Bh5
44.f5+ Kd7 45.Kf4 Kc7 46.Ne8+ Kb6 47.Nf6 Bd1 48.e6  1-0

[Event "Osteropen"]
[Site "Essen-Borbeck GER"]
[Date "2001.04.15"]
[Round "7"]
[White "Kuznetsova,E"]
[Black "Curic,D"]
[Result "0-1"]
[WhiteElo "2153"]
[BlackElo "2218"]

1.e4 d6 2.d4 Nf6 3.Nc3 c6 4.f4 Qa5 5.Bd3 e5 6.Nf3 Bg4 7.dxe5 dxe5 8.h3 Bxf3
9.Qxf3 Nbd7 10.Bd2 Qc7 11.f5 h5 12.g3 O-O-O 13.O-O-O Nc5 14.Be2 Be7 15.g4 hxg4
16.hxg4 Rxh1 17.Qxh1 b5 18.Bf3 b4 19.Ne2 Qa5 20.Kb1 Qb5 21.Ng3 Na4 22.Bc1 Nd7
23.Be2 Qb6 24.Qf3 Ndc5 25.g5 Nc3+ 26.bxc3 bxc3+ 27.Ka1 Rxd1 28.Bxd1 Bxg5
29.Qxc3 Bxc1 30.Qxe5 Nd7 31.Qxg7 Qg1 32.Qc3 Qxd1 33.Qxc6+ Kb8 34.Qb5+ Nb6
35.Qe8+ Kb7 36.Qe7+ Ka6  0-1

[Event "ch-DEN"]
[Site "Nyborg DEN"]
[Date "2001.04.15"]
[Round "9"]
[White "Mortensen,E"]
[Black "Boe,M"]
[Result "1-0"]
[WhiteElo "2438"]
[BlackElo "2389"]

1.e4 d6 2.d4 Nf6 3.Nc3 e5 4.Nf3 Nbd7 5.Bc4 Be7 6.O-O O-O 7.Re1 c6 8.a4 Qc7
9.b3 b6 10.d5 Bb7 11.dxc6 Bxc6 12.Bg5 Rac8 13.Ra2 Nc5 14.Bxf6 Bxf6 15.Bd5 Bd7
16.Nb5 Bxb5 17.axb5 Qe7 18.Nd2 Bg5 19.Nb1 Kh8 20.Bc6 a5 21.Nc3 Qe6 22.Nd5 Rb8
23.b4 axb4 24.Nxb4 Qc4 25.Rb2 f5 26.exf5 Rxf5 27.Nd5 Qh4 28.g3 Qh3 29.Re2 e4
30.Ra2 h5 31.Nc3 d5 32.Bxd5 Bf6 33.Nxe4 Nxe4 34.Rxe4 Rd8 35.c4 Rfxd5 36.cxd5 Qf5
37.Qe2 Rxd5 38.Re8+ Kh7 39.Raa8 Bd4 40.Rh8+ Kg6 41.Qe8+ Qf7 42.Qxf7+ Kxf7
43.Rad8  1-0

[Event "Israel Open Ch"]
[Site "Tel Aviv ISR"]
[Date "2001.04.15"]
[Round "7"]
[White "Zilberman,Y"]
[Black "Oratovsky,M"]
[Result "1/2-1/2"]
[WhiteElo "2481"]
[BlackElo "2499"]

1.d4 d6 2.e4 Nf6 3.Nc3 Nbd7 4.Nf3 e5 5.Bc4 Be7 6.O-O O-O 7.a4 c6 8.a5 Rb8
9.dxe5 dxe5 10.Qe2 Qc7  1/2-1/2

[Event "Osteropen"]
[Site "Essen-Borbeck GER"]
[Date "2001.04.16"]
[Round "9"]
[White "Dewenter,U"]
[Black "Curic,D"]
[Result "1-0"]
[WhiteElo "2187"]
[BlackElo "2218"]

1.e4 d6 2.d4 Nf6 3.Nc3 c6 4.f4 Qa5 5.Bd3 e5 6.Nf3 Bg4 7.dxe5 dxe5 8.O-O Nbd7
9.h3 Bxf3 10.Qxf3 Bd6 11.f5 h5 12.a3 Bc5+ 13.Kh1 Qc7 14.Ne2 a5 15.Bd2 a4
16.Bc4 b5 17.Ba2 Ng4 18.Rad1 Ndf6 19.Nc1 Rd8 20.Nd3 Ba7 21.g3 Rd4 22.Rde1 c5
23.c3 Rd6 24.Bd5 c4 25.Nb4 Nd7 26.Kg2 Ngf6 27.g4 hxg4 28.hxg4 Rh4 29.g5 Nh5
30.Rh1 Nf4+ 31.Kg3 Rxh1 32.Rxh1 Qc5 33.Kg4 g6 34.Rh8+ Ke7 35.Bxf4 exf4 36.f6+ Rxf6
37.gxf6+ Nxf6+ 38.Kg5 Qg1+ 39.Kh6 Ng4+ 40.Kg7 Bd4+ 41.cxd4 Qxd4+ 42.Kh7 Nf6+
43.Kh6 Ng4+ 44.Kg5 Ne5 45.Qc3 Qg1+ 46.Kh6  1-0

[Event "4th Open"]
[Site "Tanta City EGY"]
[Date "2001.04.21"]
[Round "4"]
[White "Khamrakulov,I"]
[Black "Kasparov,S"]
[Result "1/2-1/2"]
[WhiteElo "2451"]
[BlackElo "2456"]

1.e4 d6 2.d4 Nf6 3.Nc3 e5 4.Nf3 Nbd7 5.Bc4 Be7 6.O-O O-O 7.a4 c6 8.h3 b6
9.Qe2 Bb7 10.Rd1 Qc7 11.Bg5 a6 12.d5 c5 13.Nh4 g6 14.g3 Qd8 15.Qd2 Nh5 16.Bxe7 Qxe7
17.Kh2 Bc8  1/2-1/2

[Event "Open"]
[Site "Dubai UAE"]
[Date "2001.04.22"]
[Round "7"]
[White "Yakovich,Y"]
[Black "Abdelnabbi,I"]
[Result "1/2-1/2"]
[WhiteElo "2577"]
[BlackElo "2434"]

1.d4 d6 2.e4 Nf6 3.Nc3 c6 4.f4 Qa5 5.Bd3 Bg4 6.Qd2 g6 7.h3 Bd7 8.Nf3 Na6
9.O-O Nh5 10.Qf2 Nb4 11.Bc4 d5 12.Bb3 e6 13.Ne5 f5 14.exf5 exf5 15.Bd2 Qc7
16.Rae1 O-O-O 17.Nf7 Bd6 18.Qh4 Rde8 19.Nxh8 Rxh8 20.Ne2 Be6 21.Nc1 Qf7 22.c3 Be7
23.Qf2 Na6 24.Nd3 Nf6 25.Ne5 Qg8 26.Bc2 Nc7 27.b3 Nb5 28.Qe3 Ne4 29.Bxe4 fxe4
30.c4 Nd6 31.Qc3 Qd8 32.Rc1 Kb8 33.Qa5 Nf5 34.Qxd8+ Rxd8 35.Ba5 Rf8 36.cxd5 cxd5
37.Bc3 Ng3 38.Rfe1 Rxf4 39.Bd2 Rf8 40.Bh6 Rf5 41.Kh2 Bh4 42.Nf3 exf3 43.Rxe6 a5
44.gxf3 Rxf3 45.Kg2 Rd3 46.Re5 Nh5 47.Rxd5 g5 48.Rf1 a4 49.Bxg5 Rg3+ 50.Kh2 Bxg5
51.h4 Bf4 52.Rxf4 Rh3+ 53.Kxh3 Nxf4+ 54.Kg4 Nxd5 55.bxa4 Kc7 56.Kg5 Kd6 57.Kh6 Nf6
58.Kg7 Ke7 59.a5 Ke6 60.d5+ Nxd5 61.Kxh7 Kf7 62.Kh6 Kf6 63.Kh7 Ne7 64.h5 Nf5
65.Kg8 Ke7 66.a4 Ke8 67.h6 Nxh6+ 68.Kg7 Ng4 69.Kg6 Kd7 70.Kf5 Nf2 71.Ke5 Kc6
72.Kd4 Ng4 73.Kc4 Ne5+ 74.Kb4 Nd3+ 75.Kc4 Nc5 76.Kb4 Na6+ 77.Kc4 Kd6 78.Kd4 Nc5
79.Kc4 Nxa4 80.Kb5 Nc5 81.Kb6 Kd5 82.Kb5 Kd6 83.Kb4 Ne6 84.Kb5 Kd5 85.Kb6 Nc5
86.Kb5 Kd6 87.Kb4 Kd5  1/2-1/2

[Event "2nd ch-EUR Women"]
[Site "Warsaw POL"]
[Date "2001.04.23"]
[Round "2"]
[White "Heymann,U"]
[Black "Klinova,M"]
[Result "1/2-1/2"]
[WhiteElo "2188"]
[BlackElo "2368"]

1.e4 d6 2.d4 Nf6 3.Nc3 c6 4.Be2 Nbd7 5.Bg5 e5 6.Nf3 Be7 7.a4 h6 8.Bh4 O-O
9.O-O Re8 10.Re1 Qc7 11.Qd2 Nf8 12.Rad1 Ng6 13.Bg3 Bf8 14.Nh4 Nxh4 15.Bxh4 Be7
16.Bg3 a6 17.Ra1 b6 18.f3 Bb7 19.Bf2 b5 20.axb5 axb5 21.d5 b4 22.Rxa8 Bxa8
23.Na4 cxd5 24.Nb6 dxe4 25.Nxa8 Rxa8 26.Qxb4 d5 27.Qd2 Bc5 28.Bd1 Ra1 29.Kh1 Bxf2
30.Qxf2 exf3 31.gxf3 e4 32.Qe3 exf3 33.Qxf3 Ne4 34.Qf5 Qe7 35.Qc8+ Kh7 36.Qf5+ g6
37.Qxd5 f5 38.Rf1 Ra7 39.Bf3 Rd7 40.Qa8 Ra7 41.Qd5  1/2-1/2

[Event "2nd ch-EUR Women"]
[Site "Warsaw POL"]
[Date "2001.04.24"]
[Round "3"]
[White "Hernandez,Yu"]
[Black "Agrest,S"]
[Result "0-1"]
[WhiteElo "2265"]
[BlackElo "2215"]

1.e4 d6 2.d4 Nf6 3.Nc3 e5 4.Nf3 Nbd7 5.Bc4 Be7 6.O-O O-O 7.Re1 c6 8.a4 b6
9.d5 cxd5 10.Nxd5 Nxd5 11.Bxd5 Rb8 12.b3 Nf6 13.Bc4 Bb7 14.Nd2 d5 15.exd5 Nxd5
16.Bb2 f6 17.Qh5 g6 18.Qh6 Rf7 19.Ne4 Bf8 20.Qd2 Kg7 21.Rad1 Rd7 22.Bb5 Rc7
23.Nxf6 Bb4 24.Qg5 Bxe1 25.Ne8+ Kf7 26.Qxd8 Bxf2+ 27.Kf1 Rxd8 28.Rxd5 Rxd5
29.Nxc7 Rd2 30.Bd3 Bc5 31.Bc3 Rxg2 32.Bxe5 Bf3 33.Bc4+ Ke7 34.Nd5+ Bxd5 35.Bxd5 Rg5  0-1

[Event "2nd ch-EUR Women"]
[Site "Warsaw POL"]
[Date "2001.04.25"]
[Round "4"]
[White "Kosteniuk,A"]
[Black "Moser,E"]
[Result "1-0"]
[WhiteElo "2397"]
[BlackElo "2309"]

1.e4 d6 2.d4 Nf6 3.Nc3 e5 4.Nf3 exd4 5.Nxd4 Be7 6.Bd3 O-O 7.O-O Re8 8.Bg5 h6
9.Bh4 c6 10.Bg3 Qb6 11.Nb3 Nbd7 12.Kh1 a5 13.a4 Ne5 14.Be2 Be6 15.f4 Ned7
16.Bf2 Qb4 17.Nd4 Bc4 18.Bxc4 Qxc4 19.Qf3 Bf8 20.b3 Qa6 21.Nf5 g6 22.Ng3 Rad8
23.Rad1 b5 24.axb5 cxb5 25.Bd4 Qc6 26.f5 Bg7 27.fxg6 fxg6 28.Nd5 Re6 29.Nf4 Rxe4
30.Nxe4 Qxe4 31.Qxe4 Nxe4 32.Bxg7  1-0

[Event "2nd ch-EUR Women"]
[Site "Warsaw POL"]
[Date "2001.04.25"]
[Round "4"]
[White "Zatonskih,A"]
[Black "Alieva,E"]
[Result "1-0"]
[WhiteElo "2427"]
[BlackElo "2257"]

1.e4 d6 2.d4 Nf6 3.Nc3 c6 4.Nf3 Qa5 5.Bd3 e5 6.h3 Be7 7.O-O O-O 8.Rb1 Nbd7
9.Re1 a6 10.a4 Qc7 11.b3 d5 12.dxe5 Nxe5 13.Nxe5 Qxe5 14.exd5 Qxc3 15.Rxe7 Qc5
16.Re5 cxd5 17.Bg5 Qd6 18.Bxf6 Qxf6 19.Rxd5 Be6 20.Rd6 Rfd8 21.Be4 Rxd6 22.Qxd6 Rd8
23.Qb6 g6 24.Qxb7 Qf4 25.Qb6 Re8 26.Bd3 Bd5 27.Bf1 Qd2 28.Qc5 Re6 29.c4 Be4
30.Ra1 Bc2 31.Qa3 Rf6 32.f3 Qd4+ 33.Kh1 Re6 34.Qc1 a5 35.c5 Bxb3 36.Bb5 Bd5
37.Qg1 Qf4 38.Re1 Qg3 39.Rxe6 fxe6 40.Qe3 Kf7 41.c6 Qc7 42.Qc5 h5 43.Qd4 Qg3
44.Qc3 Qc7 45.Qh8 Qg3 46.c7 Qe1+ 47.Kh2 Bb7 48.c8=Q Bxc8 49.Qxc8 Qe5+ 50.f4 Qxf4+
51.Kh1 Qd4 52.Qd7+  1-0

[Event "2nd ch-EUR Women"]
[Site "Warsaw POL"]
[Date "2001.04.25"]
[Round "4"]
[White "Ciuksyte,Z"]
[Black "Nill,J"]
[Result "1-0"]
[WhiteElo "2150"]
[BlackElo "2259"]

1.e4 d6 2.d4 Nf6 3.Nc3 c6 4.Be2 Qa5 5.Kf1 e5 6.Be3 Nbd7 7.Nf3 Be7 8.g3 exd4
9.Nxd4 Nc5 10.f3 Bh3+ 11.Kf2 h5 12.Nb3 Nxb3 13.axb3 Qc7 14.Qd4 b6 15.b4 O-O
16.b5 d5 17.bxc6 dxe4 18.Nd5 Nxd5 19.Qxd5 exf3 20.Bxf3 Bg4 21.Bf4 Qc8 22.Bxg4 Qxg4
23.Rhe1 Bc5+ 24.Kg2 h4 25.h3 Qg6 26.Qe4 Qf6 27.b4 Bd4 28.Rad1 Bc3 29.Rd6 Bxe1
30.Rxf6 Rfe8 31.Qf3 gxf6 32.Qg4+ Kh7 33.Qxh4+ Kg6 34.Qg4+ Kh7 35.Qh4+ Kg6
36.Qh6+ Kf5 37.Qh7+  1-0

[Event "Open"]
[Site "Cutro ITA"]
[Date "2001.04.27"]
[Round "6"]
[White "Janev,E"]
[Black "Lazic,Mi"]
[Result "1-0"]
[WhiteElo "2465"]
[BlackElo "2475"]

1.e4 d6 2.d4 Nf6 3.Nc3 c6 4.a4 Qa5 5.Bd3 e5 6.Ne2 Nbd7 7.O-O Be7 8.Bd2 Qc7
9.a5 O-O 10.Kh1 exd4 11.Nxd4 Nc5 12.f4 a6 13.Qf3 Nxd3 14.cxd3 c5 15.Nc2 Bd7
16.Ne3 Bc6 17.g4 Ne8 18.Ncd5 Bxd5 19.Nxd5 Qd8 20.g5 Nc7 21.Nb6 Rb8 22.Rg1 Na8
23.Nd5 Nc7 24.Ne3 d5 25.Rg2 Qd7 26.f5 g6 27.Ng4 h5 28.Nf6+ Bxf6 29.gxf6 dxe4
30.Qxh5 Nd5 31.fxg6  1-0

[Event "Ch-Kaissa Club"]
[Site "Kharkov UKR"]
[Date "2001.04.28"]
[Round "11"]
[White "Grin,D"]
[Black "Ivanov,AndA"]
[Result "1/2-1/2"]
[WhiteElo "2301"]
[BlackElo "2297"]

1.d4 Nf6 2.Nc3 d6 3.e4 e5 4.Nge2 Nbd7 5.f3 Be7 6.Be3 c6 7.Qd2 Nb6 8.b3 exd4
9.Nxd4 d5 10.e5 Nfd7 11.e6 Nf6 12.exf7+ Kxf7 13.Nde2 Re8 14.O-O-O Ba3+ 15.Kb1 Qe7
16.Bg5 Nc4 17.Qf4 Ne5 18.Qh4 Ng6 19.Qf2 h6 20.Bd2 b5 21.Nd4 Bd7 22.Bd3 Ne5
23.Bf5 Bxf5 24.Nxf5 Qd7 25.g4 a5 26.Be3 a4  1/2-1/2

[Event "TCh-FRA"]
[Site "Montpellier FRA"]
[Date "2001.04.28"]
[Round "8"]
[White "Spraggett,K"]
[Black "Bauer,Ch"]
[Result "1/2-1/2"]
[WhiteElo "2526"]
[BlackElo "2612"]

1.e4 d6 2.d4 Nf6 3.Nc3 Nbd7 4.Nf3 e5 5.Bc4 Be7 6.O-O O-O 7.a4 c6 8.Re1 b6
9.d5 cxd5 10.exd5 Bb7 11.b3 Ne8 12.Bb2 a6 13.Nd2 Nc7 14.Ndb1 f5 15.Na3 Kh8
16.Qe2 Bf6 17.Rad1 e4 18.Qd2 Be5 19.Bf1 Nf6 20.Nc4 Bxc3 21.Bxc3 Ncxd5 22.Bb2 Rc8
23.h3 f4 24.Qd4 b5 25.axb5 axb5 26.Na3 b4 27.Nc4 Qe7 28.Ra1 Rcd8 29.Ra7 Rd7
30.f3 e3 31.Bd3 Bc6 32.Ra5 Qe6 33.Rea1 h6 34.Ra6 Bb7 35.Ra7 Re7 36.Re1 Rd7
37.Nb6 Nxb6 38.Qxb6 Bxf3 39.gxf3 Qxh3 40.Re2 Qxf3 41.Rxd7 Nxd7 42.Qxd6 Qg4+
43.Rg2 Qd1+ 44.Kh2  1/2-1/2

[Event "TCh-FRA"]
[Site "Montpellier FRA"]
[Date "2001.04.28"]
[Round "8"]
[White "Cornette,M"]
[Black "Franc,N"]
[Result "1-0"]
[WhiteElo "2228"]
[BlackElo "2130"]

1.e4 d6 2.d4 Nf6 3.Nc3 Nbd7 4.Nf3 e5 5.g3 Be7 6.Bg2 c6 7.O-O O-O 8.Re1 b6
9.b3 Qc7 10.a4 a6 11.Ba3 Re8 12.Qd2 Bf8 13.Rad1 Bb7 14.dxe5 dxe5 15.Bxf8 Kxf8
16.Bh3 Nc5 17.b4 Rad8 18.Qe3 Ne6 19.Bxe6 Rxd1 20.Rxd1 Rxe6 21.Qd3 Ke8 22.a5 bxa5
23.Na4 Nd7 24.bxa5 Re7 25.Nd2 Qxa5 26.Nc4 Qxa4 27.Nd6+ Kf8 28.Nxb7 Qb5 29.Qxb5 axb5
30.Na5 Nb8 31.Rd6 Rd7 32.Rxd7 Nxd7 33.Nxc6 Nc5 34.f3 f6 35.Kf2 Ke8 36.Ke3 Kd7
37.Nb4 Kd6 38.Nd5 Ne6 39.c3 Nd8 40.h4 Nc6 41.h5 h6 42.Kd3 Nd8 43.Kc2 Ne6
44.Kd3 Kc5 45.f4 Kd6 46.Ke3 Nc5 47.Nb4 Na4 48.fxe5+ fxe5 49.Nd5 Nc5 50.Kf3 Ne6
51.Kg4 Ng5 52.Kf5 Nf7 53.g4 Ng5 54.Ne3 Ne6 55.Kg6 Ke7 56.Nf5+ Kf8 57.Nd6 Nf4+
58.Kf5 Ne2 59.Nxb5 Kf7 60.Kxe5 g6 61.hxg6+ Kxg6 62.c4  1-0

[Event "7th"]
[Site "Cutro ITA"]
[Date "2001.04.29"]
[Round "8"]
[White "Ristic,Nen"]
[Black "Georgiev,Vl"]
[Result "0-1"]
[WhiteElo "2425"]
[BlackElo "2592"]

1.e4 d6 2.d4 Nf6 3.Nc3 e5 4.dxe5 dxe5 5.Qxd8+ Kxd8 6.Bc4 Be6 7.Bxe6 fxe6
8.Be3 Bb4 9.O-O-O+ Nbd7 10.Nge2 Ke7 11.f3 a6 12.a3 Bd6 13.g3 b5 14.Rhf1 Rhb8
15.Nb1 c5 16.Nd2 c4 17.g4 Rc8 18.h3 a5 19.f4 b4 20.g5 Nh5 21.axb4 axb4 22.f5 Ra1+
23.Nb1 Bc5 24.Rf3 Bxe3+ 25.Rxe3 Nc5 26.Rf1 Nd3+ 27.cxd3 cxd3+ 28.Nc3 bxc3
29.bxc3 Rb8 30.Kd2 Nf4 31.Ree1 Rb2+ 32.Ke3 Ng2+  0-1